00979nam a2200169Ia 4500001001300000003001000013008004100023040002500064041000700089100001600096245008100112250001100193260006300204300001100267500047100278650006000749b5145-33941 IT-MiCISF161014s9999||||xx |||||||||||||| ||und|| aIT-MiCISFcIT-MiCISF ait aArndt Karin 0aI soldi non cadono dal cielobCome insegnare ai figli un buon uso del denaro a1a ed. a Leumann (TO)bElle Di Cic2000 [Edizione originale: 1997] app. 87 a / educazione-bambini, rapporti-patrimoniali, televisione, pubblicità, bilancio-familiare / Il testo è un piccolo manuale rivolto a genitori ed educatori, nel quale si forniscono indicazioni su come sia possibile aiutare le nuove generazioni ad affrontare il problema del denaro, come riconosce i trucchi dell'economia e della pubblicità, come si possa diventare consumatori attenti e autonomi. Sono presentate numerose esperienze tratte dalla vita quotidiana. a Genitorialità e problemi educativi / educazionee004